Storie della buonanotte per bambine ribelli : 100 vite di donne straordinarie /

Guardat en:
Dades bibliogràfiques
Autor principal: Favilli, Elena, (1982- )
Altres autors: Cavallo, Francesca, Baldinucci, Loredana (Traductor)
Format: Llibre
Idioma:italià
Publicat: Milano : Mondadori, 2020
Col·lecció:Oscar absolute
Etiquetes: Afegir etiqueta
Sense etiquetes, Sigues el primer a etiquetar aquest registre!

MARC

LEADER 00000nam a22000007i 4500
001 IT\ICCU\UM1\0217041
003 ItRI
005 20250515125434.0
008 200616s2020 it |||||| ||||| |||||c
020 |a 9788804725398 
040 |b ita  |c Arcigay Queer VdA 
041 7 |a ita  |2 ISO-639-2 
100 1 |a Favilli, Elena,  |d  (1982- )  |0 IT\ICCU\LO1V\423837 
240 1 0 |a Good night stories for rebel girls  |9 Favilli, Elena <1982- > 
245 1 0 |a Storie della buonanotte per bambine ribelli :  |b 100 vite di donne straordinarie /  |c Elena Favilli, Francesca Cavallo ; traduzione di Loredana Baldinucci. 
260 |a Milano :  |b Mondadori,  |c 2020 
300 |a XI, 211 p. :  |b ill. ;  |c 22 cm. 
700 1 |a Cavallo, Francesca  |0 IT\ICCU\LIAV\330935 
700 1 |a Baldinucci, Loredana  |0 IT\ICCU\LO1V\271649  |4 trl 
830 0 |a Oscar absolute  |0 IT\ICCU\TO1\0013554 
942 |2 ddc  |c BK 
952 |0 0  |1 0  |2 ddc  |4 0  |6 920_720000000000000_FAV_STO  |7 0  |9 4275  |a AO  |b AO  |d 2025-05-15  |l 0  |o 920.72 FAV STO  |p 11443  |r 2025-05-15 12:55:16  |w 2025-05-15  |x PROPRIETA DI SCORZONI GRETA  |y BK 
981 1 |6 z01  |a i   |b xxxe  
982 1 |6 z01  |a n 
999 |c 3283  |d 3283